A planicie de inundacao do Alto Rio Paraná: aspectos físicos, biológicos e socioeconómicos
Spremljeno u:
| Glavni autori: | , , |
|---|---|
| Format: | Knjiga |
| Jezik: | portugalski |
| Izdano: |
Foz de Iguazú
EDUEM
1997
|
| Teme: | |
| Oznake: |
Dodaj oznaku
Bez oznaka, Budi prvi tko označuje ovaj zapis!
|
MARC
| LEADER | 00000nam a2200000 a 4500 | ||
|---|---|---|---|
| 001 | UCH1218 | ||
| 003 | CL-VaPUC | ||
| 008 | 090416e19970000bl |||||||||||||||||por|d | ||
| 020 | |a 8585545240 | ||
| 082 | 0 | 4 | |a 627.8 |b VAZ |2 21 |
| 100 | 0 | |a Vazzoler, Anna Emilia Amato de Moraes |e author |9 535617 | |
| 700 | 0 | |a Agostinho, Angelo Antonio |e author |9 535618 | |
| 700 | 0 | |a Segatti Hahn, Norma |e author |9 535619 | |
| 245 | 1 | 2 | |a A planicie de inundacao do Alto Rio Paraná: aspectos físicos, biológicos e socioeconómicos |
| 300 | |a 459 p | ||
| 942 | |c BK | ||
| 945 | |d 20090416 00:00:00 |a rbrito | ||
| 260 | |a Foz de Iguazú |b EDUEM |c 1997 | ||
| 650 | 0 | |a Hidrología |9 261396 | |
| 650 | 0 | |a Inundaciones |9 308711 | |
| 650 | 0 | |a Embalses |9 372823 | |
| 650 | 0 | |a Abastecimiento de agua |9 260374 | |
| 650 | 0 | |a Almacenamiento de agua |9 261956 | |
| 650 | 0 | |a Riego |9 259685 | |
| 583 | |a last modification |c 20161206 01:23:57 |k Rodrigo Vera | ||
| 999 | |c 333281 |d 333279 | ||
| 952 | |0 0 |1 0 |4 0 |6 627_800000000000000_VAZ_1997 |7 0 |8 A |9 421606 |a BIBCUR |b BIBCUR |d 2019-11-22 |i 4537270 |o 627.8 VAZ 1997 |p 4537270 |r 2025-04-22 |w 2019-11-22 |y BK |k BCB | ||